000 00470nam a2200181Ia 4500
001 21030
005 20260306172849.0
008 260306t2007||||xx |||||||||||||| ||spa||
041 _aESP
082 _a344
_bD59
100 _aHurtado Pozo, José (Dir.)
_eAUT
245 0 _aDerecho penal y pluralidad cultural:
_banuario de derecho penal, 2006
260 _c2007
300 _a575 páginas :
_c24 cm.
650 _aGEN
654 _aCDE
942 _cLIB
_dJUS
_fJUS
_2ddc
_n
999 _c21030
_d21030